000 00604nam a2200229Ia 4500
003 OSt
005 20220924132423.0
006 a|||||r|||| 00| 0
007 ta
008 220923b |||||||| |||| 00| 0 hin d
024 _a53438
037 _cTextual
040 _aARTS
_cARTS
_bhin
041 _2hin
_ahin
082 _aP15:v2:G, 152J0.1;1
100 _aMimanska Yodhister
_9204271
245 0 _aSanskrit vyakaran shastra ka itihasa
260 _c1950
650 _aLINGUISTICS
942 _hP15:v2:G, 152J0.1;1
_cTEXL
_2CC
999 _c430245
_d430245